000 01591cam a22003974a 4500
999 _c7840
_d7840
001 12791366
003 GZU
005 20210513085329.0
008 020529s2003 nyu b 000 0 eng
010 _a 2002071912
020 _a080506995X (hc.)
040 _aDLC
_cDLC
_dDLC
042 _apcc
050 0 0 _aHQ1161 GLO 2003
_b.G55 2003
082 0 0 _a331.4/8164046/08691
_221
245 0 0 _aGlobal woman :
_bnannies, maids, and sex workers in the new economy /
_cBarbara Ehrenreich and Arlie Russell Hochschild, editors.
250 _a1st ed.
260 _aNew York :
_bMetropolitan Books,
_c2003.
300 _avi, 328 p. ;
_c25 cm.
500 _aIncludes bibliography
504 _aIncludes bibliographical references (p. 285-324).
650 0 _aWomen household employees.
650 0 _aWomen foreign workers.
650 0 _aWomen
_xEmployment.
650 0 _aMinority women
_xEmployment.
650 0 _aNannies.
650 0 _aProstitution.
700 1 _aEhrenreich, Barbara.
700 1 _aHochschild, Arlie Russell,
_d1940-
856 4 2 _3Contributor biographical information
_uhttp://www.loc.gov/catdir/bios/hol051/2002071912.html
856 4 1 _3Table of contents
_uhttp://www.loc.gov/catdir/toc/hol031/2002071912.html
856 4 2 _3Publisher description
_uhttp://www.loc.gov/catdir/description/hol021/2002071912.html
906 _a7
_bcbc
_corignew
_d1
_eocip
_f20
_gy-gencatlg
942 _2lcc
_cBK
_h1161
_iGLO
_kHQ